Europa nach Bildern - Statistiken

Allgemein
  • Dieses Quiz wurde 156 mal gespielt
    97 seit der letzten Aktualisierung
  • Das Durchschnittsergebnis liegt bei 5 aus 15
Antwortstatistiken
Bildquiz Hint Antwort % Korrekt
(Fest) Oktoberfest
93%
(Berg) Matterhorn
69%
(Hauptstadt) Prag
67%
(Wahrzeichen) Atomium
54%
(Zug) TGV
52%
(Insel) Mont Saint Michel
36%
(Schloss) Schloss Schönbrunn
31%
(Gemälde) Die Erschaffung Adams
26%
(Festung) Alhambra
18%
(Land) Kosovo
18%
(Gebäude) Winterpalast
16%
(Komponist) Frédéric Chopin
15%
(Klippe) Cliffs of Moher
9%
(Fjörd) Geiranger
8%
(Gericht) Pirogge
8%
Keine übereinstimmenden Quizze gefunden
Verteilung der Resultate
Anzahl Personen mit jedem Resultat
Perzentil nach korrekt beantworteten Fragen
Ihre Resultats-Entwicklung
Sie haben dieses Quiz seit der letzten Aktualisierung nicht gespielt